Guess 2nd gen KPOP groups - Statistics

General Stats
  • This quiz has been taken 85 times
  • The average score is 16 of 29
Answer Stats
Hint Answer % Correct
ACTIVE GIRLS GENERATION
97%
ACTIVE BIG BANG
92%
ACTIVE 2NE1
87%
ACTIVE SHINEE
87%
DISBAND WONDER GIRLS
86%
ACTIVE SUPER JUNIOR
79%
HIATUS F(X)
75%
ACTIVE 2PM
73%
ACTIVE TVXQ
73%
ACTIVE KARA
71%
ACTIVE TARA
70%
ACTIVE 2AM
68%
DISBAND 4MINUTE
67%
DISBAND MISS A
65%
DISBAND SISTAR
65%
DISBAND BEAST
59%
ACTIVE INFINITE
54%
HIATUS AFTER SCHOOL
52%
ACTIVE APINK
43%
HIATUS BROWN EYED GIRLS
43%
HIATUS ORANGE CARAMEL
40%
HIATUS BLOCK B
38%
HIATUS GIRL'S DAY
35%
ACTIVE CNBLUE
30%
HIATUS 9MUSES
27%
ACTIVE FTISLAND
25%
DISBAND TROUBLE MAKER
13%
ACTIVE DYNAMIC DUO
6%
ACTIVE EPIK HIGH
6%
No matching quizzes found
Score Distribution
Percent of People with Each Score
Percentile by Number Answered
Your Score History
You have not taken this quiz